000 00867cam a22002532 4500
001 0000019269
005 20151217152150.0
008 101023s xx 000 0 eng d
020 _a1412911153 :
_cGBP 20.99
040 _aKABU
_cKABU
100 1 _aKeenan, Thomas.
_@0000148105
245 1 3 _aAn Introduction to child development /
_cThomas Keenan and Subhadra.
250 _a2nd ed.
260 _aLondon :
_bSage,
_c2009.
300 _axviii, 405 p.
650 0 _aDevelopmental psychology.
_@0000148104
650 0 _aChild psychology.
_@0000148106
852 1 _9p3249 KES
852 1 _9p2860 KES
852 1 _9p2860 KES
852 1 _9p2860 KES
908 _a101023
950 _@1
999 _c8910
_d8910